• 首页
  • 本馆介绍
  • 公告通知
  • 最新文献
  • 馆藏检索
  • 电子资源
  • 读者导购
  • 参考咨询
  • 我的图书馆
  • 登录
  • 详细信息显示
  • 放入我的书架
  • 预约/预借图书
  • 作者相关作品
  • 分类相关作品
  • 丛书相关作品
  • 出版社相关作品

书目信息

  • 表格格式
  • 工作单格式
  • 卡片格式
题名:
储层表征与建模
    
 
作者: 吴胜和 编著
分册:  
出版信息: 北京   石油工业出版社  2020.1
页数: 448页
开本: 26cm
丛书名:
单 册:
中图分类: P618.130.2
科图分类:
主题词: 油气藏--储集层--高等学校--教材 , 油气藏 , 储集层
电子资源:
ISBN: 978-7-5021-7590-0
000 01069nam0 2200289 45
001 012001000742
005 20140911173356.0
010    @a978-7-5021-7590-0@dCNY57.00
100    @a20101203d2010 em y0chiy50 ea
101 0  @achi
102    @aCN@b110000
105    @aa z 000yy
106    @ar
200 1  @a储层表征与建模@dReservoir characterization & modeling@f吴胜和编著@zeng@Achu ceng biao zheng yu jian mo
210    @a北京@c石油工业出版社@d2020.1
215    @a448页@c图@d26cm
300    @a高等院校石油天然气类规划教材
300    @a并列题名:Reservoir characterization & modeling
330    @a本书按储层表征与建模的基本信息——研究内容——研究方法——基本流程编写,系统介绍了油气储层表征与建模的基本理论、方法和技术,以及该学科的最新进展和未来发展趋势。
510 1  @aReservoir characterization & modeling@zeng
606 0  @a油气藏@x储集层@x高等学校@j教材
606 0  @a油气藏
606 0  @a储集层
690    @aP618.130.2@v4
701  0 @a吴胜和@f(1963~)@4编著@Awu sheng he
801  0 @aCN@bBJSDL@c20211011
905    @b1332073-6@dP618.130.2@e143@f4
    
    储层表征与建模=Reservoir characterization & modeling/吴胜和编著.-北京:石油工业出版社,2020.1
    448页:图;26cm
    高等院校石油天然气类规划教材.-并列题名:Reservoir characterization & modeling
    
    ISBN 978-7-5021-7590-0:CNY57.00
    本书按储层表征与建模的基本信息——研究内容——研究方法——基本流程编写,系统介绍了油气储层表征与建模的基本理论、方法和技术,以及该学科的最新进展和未来发展趋势。
●
相关链接 在E读中查询图书 在五车中查询图书 在当当中查询图书 在豆瓣中查询图书


正题名:储层表征与建模     索取号:P618.130.2/143         预约/预借

序号 登录号 条形码 馆藏地/架位号 状态 备注
1 1332073   213320734   第二样本阅览室/ [索取号:P618.130.2/143] 在馆    
2 1332074   213320743   第三借阅区/ [索取号:P618.130.2/143] 在馆    
3 1332075   213320752   第三借阅区/ [索取号:P618.130.2/143] 在馆    
4 1332076   213320761   第三借阅区/ [索取号:P618.130.2/143] 在馆    
唐山师范学院图书馆 欢迎您!
大连网信软件有限公司© 版权所有